[Event "EuTCh"]
[Site "Leon ESP"]
[Date "2001.11.10"]
[Round "5"]
[White "Kotronias,V"]
[Black "Arduman,C"]
[Result "1-0"]
[WhiteElo "2548"]
[BlackElo "2379"]
[EventDate "2001.11.06"]

1. e4 e5 2. Nf3 Nf6 3. Nxe5 d6 4. Nf3 Nxe4 5. d4 d5 6. Bd3 Bd6 7. O-O O-O
8. c4 c6 9. cxd5 cxd5 10. Nc3 Nxc3 11. bxc3 Bg4 12. Rb1 Nd7 13. h3 Bh5 14.
Rb5 Nb6 15. c4 Bxf3 16. Qxf3 dxc4 17. Bc2 Qd7 18. a4 Rfe8 19. Be3 Re7 20.
Rfb1 Rb8 21. a5 Nc8 22. Bf5 Qc7 23. Bg5 f6 24. Bd2 a6 25. R5b2 Na7 26. Rb6
Nc6 27. Qd5+ Kh8 28. Qxc4 g6 29. Bg4 Re4 30. Bc3 Qe7 31. Bf3 Bc7 32. Bxe4
Qxe4 33. Re1 Qf4 34. g3 Qf5 35. Re3 Qd7 36. Kg2 Bxb6 37. axb6 1-0

[Event "EuTCh"]
[Site "Leon ESP"]
[Date "2001.11.10"]
[Round "5"]
[White "Haznedaroglu,K"]
[Black "Clerides,P"]
[Result "1-0"]
[WhiteElo "2328"]
[BlackElo "2188"]
[EventDate "2001.11.06"]

1. e4 c5 2. Nf3 d6 3. d4 cxd4 4. Qxd4 Nc6 5. Bb5 Bd7 6. Bxc6 Bxc6 7. Nc3
Nf6 8. Bg5 e6 9. O-O-O Be7 10. Rhe1 O-O 11. Kb1 Qc7 12. Qd2 Rfd8 13. Nd4
Rab8 14. f3 b5 15. g4 b4 16. Nce2 a5 17. Rc1 a4 18. c3 b3 19. a3 Bxe4+ 20.
fxe4 Nxe4 21. Qe3 Nxg5 22. h4 e5 23. hxg5 exd4 24. Nxd4 Bf8 25. Rh1 Qb7 26.
Qd3 g6 27. Qh3 h6 28. gxh6 Kh7 29. Qd3 Re8 30. Nf3 Qb5 31. Qd4 Re2 32. c4
Qc5 33. Qf6 Rxb2+ 34. Qxb2 Qe3 35. Qc3 1-0

[Event "EuTCh"]
[Site "Leon ESP"]
[Date "2001.11.10"]
[Round "5"]
[White "Antoniou,A"]
[Black "Erdogan,H"]
[Result "1-0"]
[WhiteElo "2231"]
[BlackElo "2292"]
[EventDate "2001.11.06"]

1. e4 c5 2. Nf3 d6 3. d4 cxd4 4. Nxd4 Nf6 5. Nc3 g6 6. Be3 Bg7 7. f3 Nc6 8.
Qd2 Bd7 9. O-O-O Rc8 10. Kb1 h5 11. h3 a6 12. Be2 h4 13. f4 Nh5 14. Rhe1
Ng3 15. Nxc6 Bxc6 16. Bg4 f5 17. exf5 gxf5 18. Bf3 O-O 19. Bd5+ Kh7 20. Bd4
Bxd4 21. Qxd4 Rf6 22. Re3 Rg6 23. Rde1 Rc7 24. Ne2 Ne4 25. Rxe4 Bxd5 26.
Qxd5 fxe4 27. f5 Rh6 28. Qxe4 Qg8 29. Nd4 d5 30. Qd3 Qg3 31. Nf3 Rf6 32.
Qxd5 Qxg2 33. c3 Qg8 34. Qe5 Rd7 35. Qf4 Qg3 36. Qe4 Kh8 37. Rg1 Qf2 38.
Qg4 Qxg1+ 39. Qxg1 Rxf5 40. Nd4 Rf7 41. Qg4 Rg7 42. Qxd7 Rg1+ 43. Kc2 Rg2+
44. Kb3 1-0

[Event "EuTCh"]
[Site "Leon ESP"]
[Date "2001.11.10"]
[Round "5"]
[White "Bayram,Y"]
[Black "Georghiou,A"]
[Result "1-0"]
[WhiteElo "2212"]
[BlackElo "2155"]
[EventDate "2001.11.06"]

1. d4 d5 2. c4 e6 3. Nc3 Nf6 4. cxd5 exd5 5. Bg5 Nbd7 6. e3 c6 7. Bd3 Qa5
8. Qc2 Bb4 9. Nge2 h6 10. Bh4 O-O 11. f3 Re8 12. Kd2 c5 13. a3 cxd4 14.
exd4 Be7 15. b4 Qd8 16. Bg3 a6 17. Na4 Nb6 18. Nxb6 Qxb6 19. Qc7 Qa7 20.
Bd6 Bd8 21. Qc5 Bb6 22. Qc3 Rxe2+ 23. Kxe2 Bxd4 24. Qc7 Bb6 25. Qc2 Bd7 26.
Bc5 Rc8 27. Rac1 Qb8 28. Qd2 Re8+ 29. Kf2 Bc7 30. g3 Nh5 31. Rhg1 Be5 32.
Bb1 f5 33. Bd4 Bd6 34. Rce1 Rxe1 35. Qxe1 Qd8 36. Qc3 f4 37. Be5 Bxe5 38.
Qxe5 Qb6+ 39. Kg2 fxg3 40. hxg3 Nf6 41. Rc1 Qb5 42. Bg6 Kh8 43. Re1 Qc4 44.
Qb8+ Qc8 45. Qxc8+ Bxc8 46. Rc1 Bd7 47. Rc7 Kg8 48. Rxb7 Kf8 49. Ra7 Bb5
50. Kf2 d4 51. a4 Bxa4 52. Rxa6 Bb3 53. b5 Nd7 54. b6 d3 55. Bxd3 Nc5 56.
Ra8+ Ke7 57. Be4 1-0

[Event "EuTCh"]
[Site "Leon ESP"]
[Date "2001.11.10"]
[Round "5"]
[White "David,Alb"]
[Black "Cobb,J"]
[Result "1-0"]
[WhiteElo "2522"]
[BlackElo "2335"]
[EventDate "2001.11.06"]

1. e4 e5 2. Nf3 Nc6 3. Bb5 a6 4. Ba4 Nf6 5. O-O Be7 6. Re1 b5 7. Bb3 O-O 8.
a4 Bb7 9. d3 d6 10. Nbd2 Na5 11. Ba2 c5 12. Nf1 b4 13. Ne3 Bc8 14. Nd2 Be6
15. Ndc4 Nc6 16. h3 Re8 17. Ng4 Rb8 18. Bd2 h6 19. Nxf6+ Bxf6 20. Ne3 Bxa2
21. Rxa2 Bg5 22. c3 Bxe3 23. Rxe3 Re6 24. Rg3 bxc3 25. bxc3 Qb6 26. Ra1 Qb2
27. Rc1 Na5 28. Kh2 Rf6 29. Be3 Qb3 30. Qh5 Kh7 31. Qg4 Rg8 32. Qd7 Qb6 33.
Rf3 Qc6 34. Qg4 Qc8 35. Rxf6 gxf6 36. Qh5 Rg6 37. Rb1 Nc6 38. Qf5 Qc7 39.
h4 Ne7 40. Qf3 f5 41. exf5 Rf6 42. Rb7 Qd8 43. g4 d5 44. Bxc5 Nxf5 45. Be7
1-0

[Event "EuTCh"]
[Site "Leon ESP"]
[Date "2001.11.10"]
[Round "5"]
[White "Zeidler,S"]
[Black "Wagener,C"]
[Result "1/2-1/2"]
[WhiteElo "2296"]
[BlackElo "2183"]
[EventDate "2001.11.06"]

1. e4 e6 2. d4 d5 3. exd5 exd5 4. Nf3 Bd6 5. c4 c6 6. Nc3 Ne7 7. Bd3 dxc4
8. Bxc4 O-O 9. O-O Nd7 10. Bg5 Nb6 11. Bb3 Kh8 12. Bh4 f6 13. Re1 Bg4 14.
a3 Nf5 15. Qd3 Nxh4 16. Nxh4 f5 17. Nf3 c5 18. Ne5 Bxe5 19. Rxe5 Qxd4 20.
Qxd4 cxd4 21. Nb5 d3 22. Nd6 h6 23. f3 Bh5 24. Rd1 Nd7 25. Rd5 b6 26. Bc4
Nf6 27. R5xd3 f4 28. Rd4 g5 29. Re1 Ne8 30. Re6 Rf6 31. Rxf6 Nxf6 32. h4
Bg6 33. hxg5 hxg5 34. Bd3 Bxd3 35. Rxd3 Kg7 36. Kf2 Kg6 37. Rc3 Rd8 38. Rc6
Kg7 39. Ke2 Rd7 40. b4 Kf8 41. Nf5 Kf7 42. Rd6 Kg6 43. Rxd7 Nxd7 44. Nd6 a6
45. Kd3 Kf6 46. Kd4 Ke6 47. Ne4 Kf5 48. Kd5 g4 49. a4 gxf3 50. gxf3 Ne5 51.
Nd6+ Kf6 52. Ne4+ Kf5 53. Nd2 Nd3 54. b5 axb5 55. axb5 Nb4+ 56. Kd6 Nc2 57.
Kc6 Ke5 58. Kxb6 Kd4 59. Nf1 Ne3 60. Ka7 Nxf1 61. b6 Ke3 62. b7 Kxf3 63.
b8=Q Ne3 64. Kb6 Kg2 65. Qe8 Ng4 66. Qg6 Kg3 67. Kc5 f3 68. Qd6+ Kg2 69.
Qf4 Nh2 70. Kd4 f2 71. Qxf2+ 1/2-1/2

[Event "EuTCh"]
[Site "Leon ESP"]
[Date "2001.11.10"]
[Round "5"]
[White "Brittner,S"]
[Black "May,F"]
[Result "1/2-1/2"]
[WhiteElo "2202"]
[BlackElo "2174"]
[EventDate "2001.11.06"]

1. d4 d5 2. c4 e6 3. Nc3 c6 4. e3 Bd6 5. Bd3 f5 6. Nf3 Nf6 7. Ne5 O-O 8.
Qc2 Qe7 9. Bd2 a6 10. Ne2 Nbd7 11. Nxd7 Bxd7 12. Bc3 1/2-1/2

[Event "EuTCh"]
[Site "Leon ESP"]
[Date "2001.11.10"]
[Round "5"]
[White "Varley,P"]
[Black "Weber,Je"]
[Result "1/2-1/2"]
[WhiteElo "2197"]
[BlackElo "2249"]
[EventDate "2001.11.06"]

1. e4 c5 2. c3 Nf6 3. d3 d6 4. f4 Nc6 5. Nf3 g6 6. Be2 Bg7 7. O-O O-O 8.
Qe1 e6 9. Na3 b6 10. Kh1 Bb7 11. Qh4 Nh5 12. g4 Qxh4 13. Nxh4 Nf6 14. Bf3
d5 15. g5 dxe4 16. dxe4 Nh5 17. Rd1 Rad8 18. Be3 Na5 19. e5 Ba6 20. Ng2 h6
21. h4 Ng3+ 22. Kg1 h5 23. b3 Be2 24. Rxd8 Rxd8 25. Kf2 Bxf3 26. Kxf3 Nf5
27. Ke2 Bf8 28. Bf2 a6 29. Ne3 Nxe3 30. Bxe3 Be7 31. Rb1 b5 32. c4 b4 33.
Nc2 Kf8 34. Rd1 Rxd1 35. Kxd1 Ke8 36. Ne1 Kd7 37. Nd3 1/2-1/2

[Event "EuTCh"]
[Site "Leon ESP"]
[Date "2001.11.11"]
[Round "6"]
[White "Piket,Je"]
[Black "Short,N"]
[Result "1/2-1/2"]
[WhiteElo "2649"]
[BlackElo "2675"]
[EventDate "2001.11.06"]

1. d4 e6 2. c4 Nf6 3. Nf3 d5 4. Nc3 Be7 5. Bg5 h6 6. Bxf6 Bxf6 7. e3 O-O 8.
Rc1 a6 9. Qc2 c6 10. Bd3 b6 11. h4 c5 12. dxc5 Nc6 13. Qa4 Bd7 14. cxd5 Ne5
15. Qe4 Nxd3+ 16. Qxd3 bxc5 17. d6 Qb6 18. b3 Bb5 19. Nxb5 axb5 20. Ng5
Bxg5 21. hxg5 c4 22. bxc4 bxc4 23. Rxc4 Rxa2 24. O-O hxg5 25. Rfc1 Raa8 26.
Rc6 Qa5 27. Qd4 Rad8 28. R1c5 Qe1+ 29. Kh2 f6 30. e4 Kf7 31. Rxg5 Rh8+ 32.
Kg3 Rd7 33. Rc7 Rxc7 34. dxc7 fxg5 35. Qd7+ Kf6 36. Qd8+ Rxd8 37. cxd8=Q+
Kg6 38. Qd3 Qc1 39. e5+ Kh6 40. Qe4 Qd2 41. Qc4 Qd7 1/2-1/2

[Event "EuTCh"]
[Site "Leon ESP"]
[Date "2001.11.11"]
[Round "6"]
[White "Nijboer,F"]
[Black "Conquest,S"]
[Result "1-0"]
[WhiteElo "2565"]
[BlackElo "2601"]
[EventDate "2001.11.06"]

1. e4 c5 2. Nf3 d6 3. d4 cxd4 4. Nxd4 Nf6 5. Nc3 Nc6 6. Bg5 e6 7. Qd2 Be7
8. O-O-O O-O 9. f4 h6 10. Bh4 e5 11. Nf5 Bxf5 12. exf5 exf4 13. Kb1 d5 14.
Bxf6 Bxf6 15. Nxd5 Be5 16. Bc4 b5 17. Bb3 a5 18. a3 a4 19. Ba2 b4 20. Nxb4
Qf6 21. Nd5 Qxf5 22. Qd3 Qxd3 23. Rxd3 Rab8 24. c3 g5 25. Re1 Rfe8 26. Rd2
Bg7 27. Rde2 Ne5 28. Nb4 Kf8 29. Bd5 g4 30. Nc6 f3 31. gxf3 gxf3 32. Rxe5
Bxe5 33. Nxb8 Bxb8 34. Rxe8+ Kxe8 35. Bxf3 Bxh2 36. Bd1 Ke7 37. Bxa4 h5 38.
Kc2 h4 39. Bb5 Be5 40. Bf1 f5 41. a4 Kd6 42. b4 Bf6 43. a5 Bd8 44. c4 Ke5
45. c5 Bc7 46. a6 Bb8 47. b5 1-0

[Event "EuTCh"]
[Site "Leon ESP"]
[Date "2001.11.11"]
[Round "6"]
[White "Jenni,F"]
[Black "Bauer,Ch"]
[Result "0-1"]
[WhiteElo "2487"]
[BlackElo "2585"]
[EventDate "2001.11.06"]

1. e4 d6 2. d4 Nf6 3. Nc3 g6 4. Nf3 Bg7 5. Be2 O-O 6. O-O c5 7. dxc5 dxc5
8. Qxd8 Rxd8 9. Be3 b6 10. Rad1 Nc6 11. Rxd8+ Nxd8 12. Rd1 Bb7 13. e5 Ng4
14. Bf4 Ne6 15. Bg3 Rd8 16. Rxd8+ Nxd8 17. h3 Bxf3 18. Bxf3 Nxe5 19. Ba8
Nec6 20. Nb5 a6 21. Nc7 Bxb2 22. Nxa6 Be5 23. Bxe5 Nxe5 24. Nc7 Kf8 25. f4
Nc4 26. Bd5 Na3 27. Be4 e6 28. g4 f5 29. Bd3 c4 30. Be2 b5 31. Kf2 Ke7 32.
gxf5 gxf5 33. Kg3 Nc6 34. Kh4 Nd4 35. Bf1 b4 36. Na6 Ndxc2 37. Nc5 Ne3 38.
Be2 Nd5 0-1

[Event "EuTCh"]
[Site "Leon ESP"]
[Date "2001.11.11"]
[Round "6"]
[White "Fressinet,L"]
[Black "Ekstroem,R"]
[Result "1-0"]
[WhiteElo "2588"]
[BlackElo "2495"]
[EventDate "2001.11.06"]

1. e4 c6 2. d4 d5 3. Nc3 dxe4 4. Nxe4 Bf5 5. Ng3 Bg6 6. h4 h6 7. Nf3 Nd7 8.
h5 Bh7 9. Bd3 Bxd3 10. Qxd3 e6 11. Bf4 Ngf6 12. O-O-O Nd5 13. Bd2 Nb4 14.
Bxb4 Bxb4 15. c4 O-O 16. Kb1 Be7 17. Ne4 Nf6 18. Ne5 Nxe4 19. Qxe4 f5 20.
Qe2 Bf6 21. f4 Qc7 22. Ng6 Rfe8 23. Rhe1 Kf7 24. g4 fxg4 25. Qxg4 Rad8 26.
Re4 b5 27. Rde1 Rxd4 28. Rxe6 Rdd8 29. Qf5 Qc8 30. Rxf6+ gxf6 31. Nh8+ Rxh8
32. Qg6+ Kf8 33. Qxf6+ 1-0

[Event "EuTCh"]
[Site "Leon ESP"]
[Date "2001.11.11"]
[Round "6"]
[White "Agrest,E"]
[Black "Huebner,R"]
[Result "1/2-1/2"]
[WhiteElo "2563"]
[BlackElo "2612"]
[EventDate "2001.11.06"]

1. c4 e5 2. Nc3 Nf6 3. Nf3 Nc6 4. e4 Bb4 5. d3 d6 6. Be2 O-O 7. O-O Bxc3 8.
bxc3 Ne7 9. Nh4 Ng6 10. Nxg6 hxg6 11. f4 Qe7 12. h3 exf4 13. Bxf4 Nd7 14.
Qd2 Nc5 15. Rae1 Bd7 16. Bf3 f6 17. e5 dxe5 18. d4 Ne6 19. dxe5 Nxf4 20.
Qxf4 c6 21. exf6 Qc5+ 22. Kh1 Rxf6 23. Qc7 Qd6 24. Qxb7 Rb8 25. Qxa7 Be6
26. Rd1 Qg3 27. Qf2 Qxf2 28. Rxf2 Bxc4 29. Rd4 Be6 30. Kh2 Rb1 31. Rd6 Ra1
32. Kg3 Kh7 33. Rxc6 Bxa2 34. Rc7 Be6 35. Rb2 Rf7 36. Rc6 Bf5 37. Rb8 Rc1
38. h4 Re7 39. c4 Rc3 40. Kf4 Re1 41. h5 Bd3 42. hxg6+ Bxg6 43. Rc7 Bd3 44.
Bd5 Rf1+ 45. Ke5 Rf5+ 46. Kd4 Ra3 47. Rcc8 Bc2 48. Rh8+ Kg6 49. Rb6+ Kg5
50. Rh3 Rf4+ 51. Kc5 Rxh3 52. gxh3 Bf5 53. Rb3 Kh4 54. Kd6 Bxh3 55. c5 g5
56. c6 g4 57. Rb8 Rf6+ 58. Ke5 Rh6 59. Be6 g3 60. Rb4+ Kh5 61. Bxh3 Rxc6
62. Bg2 Rg6 63. Kf5 Rg5+ 64. Kf6 Rg6+ 65. Kf7 Ra6 66. Bf3+ Kg5 67. Rg4+ Kf5
68. Rxg3 Kf4 69. Rh3 Ra3 70. Rh4+ Kg3 71. Rb4 1/2-1/2

[Event "EuTCh"]
[Site "Leon ESP"]
[Date "2001.11.11"]
[Round "6"]
[White "Hertneck,G"]
[Black "Wedberg,T"]
[Result "0-1"]
[WhiteElo "2570"]
[BlackElo "2529"]
[EventDate "2001.11.06"]

1. d4 Nf6 2. c4 e6 3. Nf3 c5 4. d5 d6 5. Nc3 exd5 6. cxd5 g6 7. e4 Bg7 8.
Bd3 O-O 9. O-O a6 10. a4 Bg4 11. h3 Bxf3 12. Qxf3 Nbd7 13. Qd1 Qc7 14. Bf4
c4 15. Bc2 Rfe8 16. Qd2 Rab8 17. Bh6 Bh8 18. Rae1 b5 19. axb5 axb5 20. f4
b4 21. Nd1 Qa7+ 22. Kh2 Qa2 23. Qc1 Nc5 24. e5 dxe5 25. Ne3 e4 26. Bb1 Qa6
27. Qxc4 Qxc4 28. Nxc4 Nxd5 29. f5 b3 30. Re2 Rb4 31. Ne3 Nxe3 32. Bxe3
Be5+ 33. Kg1 Nd3 34. fxg6 hxg6 35. Bxd3 exd3 36. Rd2 Bxb2 37. Rxb2 Rxe3 38.
Kf2 Re2+ 39. Rxe2 Rf4+ 40. Ke3 dxe2 41. Re1 Rf6 0-1

[Event "EuTCh"]
[Site "Leon ESP"]
[Date "2001.11.11"]
[Round "6"]
[White "Hector,J"]
[Black "Bischoff,K"]
[Result "1/2-1/2"]
[WhiteElo "2528"]
[BlackElo "2541"]
[EventDate "2001.11.06"]

1. e4 c5 2. Nf3 e6 3. d4 cxd4 4. Nxd4 a6 5. Nc3 Qc7 6. Bd3 Nf6 7. Qe2 d6 8.
f4 g6 9. O-O Bg7 10. Kh1 O-O 11. Bd2 Re8 12. Rae1 Nfd7 13. e5 dxe5 14. fxe5
Nxe5 15. Bf4 Nbd7 16. Nf3 f6 17. Ne4 b5 18. Bxe5 Nxe5 19. Nxe5 fxe5 20.
Nf6+ Bxf6 21. Rxf6 Qg7 22. Qxe5 Ra7 23. b4 Rc7 24. h3 Rd8 25. Qg3 Rf7 26.
Rxf7 Qxf7 27. c4 bxc4 28. Bxc4 Rd4 29. Qb3 Kg7 30. Qc3 Qf6 31. Be2 Bb7 32.
Qc7+ Qf7 33. Rc1 Rd7 34. Qg3 Qe7 35. Bg4 Bd5 36. Qc3+ Qf6 37. a3 Qxc3 38.
Rxc3 Kf6 39. Kg1 Ke5 40. Be2 Kd4 41. Rd3+ Ke5 42. Rd1 Rc7 43. Bxa6 Rc2 44.
Bf1 Ra2 45. Rd3 g5 46. Rg3 h6 47. b5 Kd4 48. Rg4+ 1/2-1/2

[Event "EuTCh"]
[Site "Leon ESP"]
[Date "2001.11.11"]
[Round "6"]
[White "Nikolaidis,I"]
[Black "Smetankin,S"]
[Result "1/2-1/2"]
[WhiteElo "2524"]
[BlackElo "2443"]
[EventDate "2001.11.06"]

1. d4 Nf6 2. c4 c5 3. d5 e6 4. Nc3 exd5 5. cxd5 d6 6. e4 g6 7. f4 Bg7 8.
Bb5+ Nfd7 9. Be2 a6 10. a4 Qh4+ 11. g3 Qe7 12. Nf3 Bxc3+ 13. bxc3 Qxe4 14.
O-O Nf6 15. c4 O-O 16. Bd3 Qe7 17. f5 Ng4 18. Ra2 Nd7 19. Re2 Qd8 20. Bf4
Nde5 21. Bxe5 Nxe5 22. Nxe5 dxe5 23. Qd2 a5 24. f6 Ra6 25. Qg5 Re8 26. Rxe5
Rxe5 27. Qxe5 Bd7 28. Bc2 Qf8 29. h4 Qd6 30. Qg5 Ra8 31. Re1 h6 32. Qe5
Qxe5 33. Rxe5 Ra6 34. Re7 Rd6 35. Bd1 h5 36. Kg2 Kf8 37. Bc2 b6 38. Re4
Rxf6 39. Re3 Bg4 40. Re1 Bd7 41. Re2 Bg4 42. Re3 Rd6 43. Kf2 Rf6+ 1/2-1/2

[Event "EuTCh"]
[Site "Leon ESP"]
[Date "2001.11.11"]
[Round "6"]
[White "Pavasovic,D"]
[Black "Votava,J"]
[Result "0-1"]
[WhiteElo "2526"]
[BlackElo "2503"]
[EventDate "2001.11.06"]

1. e4 c5 2. c3 d5 3. exd5 Qxd5 4. d4 e5 5. Nf3 Nc6 6. Nbd2 exd4 7. Bc4 Qh5
8. O-O Nf6 9. cxd4 cxd4 10. Nb3 Bg4 11. Nbxd4 O-O-O 12. Qc2 Rxd4 13. Nxd4
Bd6 14. h3 Qe5 15. f4 Qxd4+ 16. Kh1 Be6 17. Bxe6+ fxe6 18. Rd1 Qe4 19. Qxe4
Nxe4 20. Re1 Nc5 21. Be3 Re8 22. Red1 Ne4 23. Rac1 Ng3+ 24. Kh2 Nf5 25. g4
Nxe3 26. Rxd6 Nd5 27. f5 Nc7 28. fxe6 Nxe6 29. Re1 Ncd8 30. Kg3 Kc7 31. Rd5
Nc6 32. Rh5 h6 33. g5 Ncd4 34. gxh6 gxh6 35. Rf1 Rg8+ 36. Kh2 Rg6 37. Rh4
Nc6 38. Rg4 Ng5 39. Rf2 Rd6 40. h4 Ne5 41. Rc2+ Kd7 42. Ra4 Ngf3+ 43. Kg3
Nd4 44. Rf2 a6 45. Ra3 Ke6 46. Kh3 Nf5 47. Rb3 b5 48. a4 bxa4 49. Rb4 Rd3+
50. Kh2 Nf3+ 51. Kh3 N3xh4+ 52. Kh2 Nf3+ 53. Kh3 a3 54. Ra4 Nd2+ 0-1

[Event "EuTCh"]
[Site "Leon ESP"]
[Date "2001.11.11"]
[Round "6"]
[White "Meduna,E"]
[Black "Mohr,G"]
[Result "0-1"]
[WhiteElo "2471"]
[BlackElo "2498"]
[EventDate "2001.11.06"]

1. d4 Nf6 2. Nf3 g6 3. Nbd2 Bg7 4. e4 d6 5. Bd3 O-O 6. O-O Nc6 7. c3 Nd7 8.
Nc4 e5 9. dxe5 Ncxe5 10. Nfxe5 dxe5 11. Be3 Qe7 12. b4 b6 13. Qc2 Bb7 14.
f3 Kh8 15. Bf2 Nf6 16. Bh4 Qe8 17. Ne3 Nh5 18. Bc4 Nf4 19. Rad1 f5 20. Nd5
fxe4 21. fxe4 b5 22. Bb3 Qc8 23. h3 c5 24. bxc5 Qxc5+ 25. Bf2 Qc6 26. Be3
g5 27. c4 bxc4 28. Qxc4 Qg6 29. Bxf4 exf4 30. Qe2 Rae8 31. Rfe1 h5 32. Qb5
Ba6 33. Qa5 f3 34. gxf3 Rxf3 35. Qc7 Be5 36. Ne7 Bxc7 37. Nxg6+ Kg7 38.
Rd7+ Kxg6 39. Bf7+ Rxf7 40. Rd5 Bb7 41. Rb5 Bb6+ 0-1

[Event "EuTCh"]
[Site "Leon ESP"]
[Date "2001.11.11"]
[Round "6"]
[White "Greenfeld,A"]
[Black "Narciso Dublan,M"]
[Result "1-0"]
[WhiteElo "2581"]
[BlackElo "2517"]
[EventDate "2001.11.06"]

1. d4 Nf6 2. Nf3 e6 3. c4 Bb4+ 4. Nbd2 b6 5. g3 Bb7 6. Bg2 O-O 7. O-O d5 8.
Ne5 Be7 9. b3 c5 10. dxc5 bxc5 11. cxd5 exd5 12. Bb2 Na6 13. e4 d4 14. Nec4
Nd7 15. e5 Bxg2 16. Kxg2 Nb6 17. f4 f5 18. exf6 Bxf6 19. Qf3 Re8 20. Rae1
Rxe1 21. Rxe1 Nb4 22. Ba3 Nc2 23. Re6 Nd5 24. Bxc5 Rc8 25. Qe4 Nc3 26. Qf5
g6 27. Qxf6 Qxf6 28. Rxf6 Rxc5 29. Rd6 Rc7 30. a4 g5 31. fxg5 Re7 32. Nf3
Re2+ 33. Kh3 Nd1 34. Rd8+ Kf7 35. Kg4 Ke7 36. Rh8 d3 37. Rxh7+ Ke6 38. Rh6+
Kd5 39. g6 Nf2+ 40. Kh5 Re8 41. g7 Ne4 42. Rh8 Nf6+ 43. Kg6 Re6 44. Kf7 1-0

[Event "EuTCh"]
[Site "Leon ESP"]
[Date "2001.11.11"]
[Round "6"]
[White "Spasov,V"]
[Black "Kempinski,R"]
[Result "1/2-1/2"]
[WhiteElo "2569"]
[BlackElo "2586"]
[EventDate "2001.11.06"]

1. e4 c5 2. Nf3 d6 3. d4 cxd4 4. Nxd4 Nf6 5. Nc3 a6 6. Be3 Ng4 7. Bg5 h6 8.
Bh4 g5 9. Bg3 Bg7 10. h3 Ne5 11. Nf5 Bxf5 12. exf5 Qa5 13. Qd5 Nbc6 14.
Qxa5 Nxa5 15. Nd5 Rd8 16. O-O-O Rg8 17. Be2 Nac6 18. h4 e6 19. Ne3 d5 20.
hxg5 hxg5 21. fxe6 fxe6 22. Ng4 Nf7 23. Bd3 Nb4 24. Bh7 Rh8 25. Bg6 Ke7 26.
c3 Rxh1 27. Rxh1 Rh8 28. Re1 Nc6 29. Bf5 Ncd8 30. Bc2 Nc6 31. f3 Nd6 32.
Bf2 Nc4 33. Ne3 Nxe3 34. Bxe3 Bf6 35. Bc5+ Kd7 36. Kb1 Rh2 37. Rg1 Be5 38.
g3 Bd6 39. Be3 Ne5 40. f4 Nc4 41. Bc1 Bc5 42. Rf1 gxf4 43. gxf4 Be3 44. f5
exf5 45. b3 Bxc1 46. bxc4 Bd2 47. Bxf5+ Kd6 48. cxd5 Bxc3 49. Bc2 Kxd5 50.
a4 Kc5 51. Rd1 Bd4 52. Rd3 Kc4 53. Rd1 Rh3 54. Ka2 Re3 55. Rh1 Re2 56. Kb1
Kc3 57. Rc1 Rf2 58. Be4+ Kb4 59. Rc2 Rf6 60. Bxb7 Rb6 61. Be4 Kxa4+ 62. Ka2
Bg7 1/2-1/2

[Event "EuTCh"]
[Site "Leon ESP"]
[Date "2001.11.11"]
[Round "6"]
[White "Ibrahimov,R"]
[Black "Herraiz Lopez,H"]
[Result "1/2-1/2"]
[WhiteElo "2404"]
[BlackElo "2435"]
[EventDate "2001.11.06"]

1. Nf3 Nf6 2. g3 g6 3. b3 Bg7 4. Bb2 c5 5. c4 d6 6. Bg2 e5 7. O-O O-O 8.
Nc3 Nc6 9. d3 Rb8 10. Nd2 a6 11. Nd5 Bg4 12. h3 Bd7 13. Ne4 Ne8 14. e3 Ne7
15. f4 Nxd5 16. cxd5 f5 17. Nxc5 dxc5 18. fxe5 Qg5 19. Qf3 Rd8 20. Rf2 Bb5
21. Rd1 Nc7 22. h4 Qh6 23. d6 Ne6 24. d4 g5 25. Re1 1/2-1/2

[Event "EuTCh"]
[Site "Leon ESP"]
[Date "2001.11.11"]
[Round "6"]
[White "Kozul,Z"]
[Black "Sturua,Z"]
[Result "1-0"]
[WhiteElo "2569"]
[BlackElo "2571"]
[EventDate "2001.11.06"]

1. d4 Nf6 2. c4 e6 3. Nf3 d5 4. g3 Bb4+ 5. Nbd2 O-O 6. Bg2 b6 7. O-O Bb7 8.
cxd5 exd5 9. Qb3 Bd6 10. Rd1 Nbd7 11. Nb1 c5 12. Nc3 c4 13. Qc2 a6 14. b3
cxb3 15. Qxb3 b5 16. Ne1 Nb6 17. Bg5 Be7 18. Bxf6 Bxf6 19. e3 Rc8 20. Nd3
Rc4 21. Nb2 Rc7 22. a4 Qc8 23. Rd3 Nxa4 24. Nbxa4 bxa4 25. Nxa4 Rd8 26. Rc3
Rxc3 27. Nxc3 h5 28. Nxd5 Bxd5 29. Bxd5 Rd7 30. Be4 Rd6 31. Bg6 Qc7 32.
Bxh5 Rb6 1-0

[Event "EuTCh"]
[Site "Leon ESP"]
[Date "2001.11.11"]
[Round "6"]
[White "Supatashvili,K"]
[Black "Cvitan,O"]
[Result "1/2-1/2"]
[WhiteElo "2515"]
[BlackElo "2550"]
[EventDate "2001.11.06"]

1. d4 Nf6 2. c4 e6 3. Nf3 b6 4. e3 Bb7 5. Bd3 d5 6. O-O Nbd7 7. Nc3 Bd6 8.
cxd5 exd5 9. Qc2 O-O 10. Nb5 Qe7 11. Nxd6 Qxd6 12. b3 Rac8 13. Qe2 Rfe8 14.
Bb2 c5 15. Rac1 Ne4 16. Rfd1 Qh6 17. Rc2 Nd6 18. Ba6 Bxa6 19. Qxa6 Qe6 20.
dxc5 bxc5 21. Qd3 Nb6 22. Rxc5 Rxc5 23. Qd4 Qf6 24. Qxc5 Qxb2 25. Qxd6 Qxa2
26. Nd4 h6 27. h3 Rc8 28. Nf5 Qxb3 29. Qe5 Qc3 30. Rd4 Qc1+ 31. Rd1 Qc3 32.
Ne7+ Kh8 33. Qf4 Qc2 34. Ra1 Rf8 35. Rxa7 Nc4 36. Ra6 Kh7 37. Nf5 Qb1+ 38.
Kh2 Qb8 39. Qxb8 Rxb8 40. Ra7 Rb2 41. Rxf7 Rxf2 42. Kg1 Re2 43. Rxg7+ Kh8
44. Re7 h5 45. Kf1 Ra2 46. Rd7 Nd2+ 47. Ke1 Ne4 48. Rd8+ Kh7 49. Nd4
1/2-1/2

[Event "EuTCh"]
[Site "Leon ESP"]
[Date "2001.11.11"]
[Round "6"]
[White "Zelcic,R"]
[Black "Jobava,Ba"]
[Result "0-1"]
[WhiteElo "2547"]
[BlackElo "2556"]
[EventDate "2001.11.06"]

1. e4 c5 2. Nf3 d6 3. d4 Nf6 4. Nc3 cxd4 5. Nxd4 a6 6. Be2 e5 7. Nb3 Be7 8.
O-O O-O 9. Qd3 Be6 10. Nd5 Nbd7 11. c4 b5 12. cxb5 axb5 13. Be3 Bxd5 14.
exd5 b4 15. Rfc1 Ra4 16. Qd1 Qb8 17. Rc6 Qb7 18. h3 Nb8 19. Nc5 dxc5 20.
Rxf6 b3 21. Rf3 Rxa2 22. Rb1 Bd6 23. Bg5 Nd7 24. Rxb3 Qc7 25. Bb5 Nb6 26.
Bc6 Rb8 27. Rb5 Nc8 28. Bd8 Qa7 29. Rxb8 Qxb8 30. Qg4 Ra7 31. Bf6 g6 32.
Re1 Ne7 33. Qg3 Qxb2 34. Rxe5 c4 35. f4 Bxe5 36. fxe5 0-1

[Event "EuTCh"]
[Site "Leon ESP"]
[Date "2001.11.11"]
[Round "6"]
[White "Mchedlishvili,M"]
[Black "Golubovic,B"]
[Result "1/2-1/2"]
[WhiteElo "2518"]
[BlackElo "2458"]
[EventDate "2001.11.06"]

1. d4 d5 2. c4 c6 3. Nf3 Nf6 4. e3 Bf5 5. Nc3 e6 6. Nh4 Be4 7. f3 Bg6 8.
Qb3 Qc7 9. Bd2 Be7 10. Rc1 Bh5 11. cxd5 Nfd7 12. dxe6 Bxh4+ 13. g3 Bxf3 14.
exd7+ Nxd7 15. Rg1 Bg5 16. Kf2 Bh5 17. Nb5 Qd8 18. Nd6+ Kf8 19. Ne4 Nb6 20.
Bg2 Be7 21. Rgf1 f6 22. Kg1 Bf7 23. Qd3 g6 24. Nc5 Rb8 25. b3 Kg7 26. e4
Nd7 27. Nxd7 Qxd7 28. Bc3 Rhf8 29. d5 cxd5 30. exd5 Rbc8 31. Rce1 Bd8 32.
d6 Be6 33. Bb2 Bf5 34. Be4 Bxe4 35. Rxe4 Rc6 36. Rd1 Rf7 37. g4 Bb6+ 38.
Kg2 Bd8 39. g5 Kf8 40. gxf6 Bxf6 41. Qe2 Bxb2 42. Qxb2 Kg8 43. Qe2 Rc8 44.
Re7 Rc2 45. Qxc2 Qg4+ 46. Kh1 Qf3+ 47. Kg1 Qg4+ 1/2-1/2

[Event "EuTCh"]
[Site "Leon ESP"]
[Date "2001.11.11"]
[Round "6"]
[White "Baklan,V"]
[Black "Gunnarsson,J"]
[Result "1-0"]
[WhiteElo "2590"]
[BlackElo "2386"]
[EventDate "2001.11.06"]

1. e4 e5 2. Nf3 Nf6 3. Nxe5 d6 4. Nf3 Nxe4 5. d4 d5 6. Bd3 Nc6 7. O-O Be7
8. c4 Nb4 9. Be2 Be6 10. Nc3 O-O 11. Ne5 c5 12. Nxe4 dxe4 13. d5 Bc8 14. a3
Na6 15. f4 f6 16. Ng4 Bxg4 17. Bxg4 f5 18. Be2 Bf6 19. Rb1 Bd4+ 20. Kh1 Nc7
21. b4 b6 22. bxc5 bxc5 23. Qa4 Qd6 24. g3 Qa6 25. Qxa6 Nxa6 26. g4 g6 27.
Bd2 Rab8 28. Kg2 Rxb1 29. Rxb1 Rb8 30. Rb5 Kf7 31. Kg3 Ke7 32. Ba5 Bb2 33.
gxf5 gxf5 34. Kh4 Bf6+ 35. Kh5 Kf7 36. Bf1 e3 37. Rxb8 Nxb8 38. Bd3 Nd7 39.
Bxf5 Nb6 40. Bd3 Bb2 41. Kg4 Bxa3 42. Kf3 Bc1 43. Bc3 Bd2 44. Be5 h5 45.
Bd6 Na4 46. Bc7 Nc3 47. d6 e2 48. Bxe2 Nxe2 49. d7 Nd4+ 50. Ke4 Nc6 51. Kd5
Nb4+ 52. Kxc5 Na6+ 53. Kc6 Nxc7 54. d8=Q Bxf4 55. Qh4 1-0

[Event "EuTCh"]
[Site "Leon ESP"]
[Date "2001.11.11"]
[Round "6"]
[White "Thorfinnsson,Br"]
[Black "Romanishin,O"]
[Result "1/2-1/2"]
[WhiteElo "2393"]
[BlackElo "2575"]
[EventDate "2001.11.06"]

1. d4 Nf6 2. c4 e6 3. Nf3 b6 4. g3 Ba6 5. Nbd2 Bb4 6. Qc2 Bb7 7. Bg2 Be4 8.
Qb3 Bxd2+ 9. Bxd2 O-O 10. O-O h6 11. Rac1 a5 12. Bf4 d6 13. Rfd1 Nbd7 14.
Ne1 Bxg2 15. Nxg2 Qe7 16. Qc3 e5 17. dxe5 dxe5 18. Be3 Qe6 19. a4 Rfb8 20.
Rd3 c6 21. Qb3 Qh3 22. f3 e4 23. Rd6 exf3 24. exf3 Qf5 25. Bf2 Nc5 26. Qd1
Re8 27. Nf4 Rac8 28. Rc3 Nh7 29. h4 Nf8 30. Bxc5 Qxc5+ 31. Qd4 Re1+ 32. Kg2
Qxd4 33. Rxd4 Rce8 34. Rd2 Ra1 35. c5 bxc5 36. Rxc5 Rxa4 37. Rxc6 Rb8 38.
Ra6 Ra2 39. Kh3 Raxb2 40. Rxb2 Rxb2 41. Rxa5 1/2-1/2